| 000 | 00921njm a2200301 c 4500 | ||
|---|---|---|---|
| 003 | BLK | ||
| 005 | 20180421002238.0 | ||
| 008 | 180410b bul||n||s|||||||| n|bulo| | ||
| 010 | _aCDD00000376000 | ||
| 040 | _aBLK | ||
| 041 |
_aENG _cENG |
||
| 080 |
_aСалонни и танцови оркестри. Естраден оркестър. Джаз. Рок _b785.161 _x _z785.161 |
||
| 100 | 1 |
_aMantler, Michael _eпърви автор _9353587 |
|
| 139 |
_aMantler, Michael _bM 26 |
||
| 245 | 1 | 0 |
_aFolly Seeing All This [CD аудио] _cMichael Mantler. |
| 257 | _aBGR | ||
| 260 |
_аMunchen _bECM Rec. _c1993 |
||
| 300 |
_c12 cm. _fбр. в к-т _g1 CD |
||
| 306 | _a44мин. 55сек. | ||
| 380 | _a7 | ||
| 650 | 4 |
_aДжаз _9153283 |
|
| 653 | _aджаз | ||
| 852 |
_aЦб CD 1896 _p0 |
||
| 856 | 4 |
_qpdf _u |
|
| 856 | 4 |
_qpdf _u |
|
| 942 |
_cCDD _n0 |
||
| 944 |
_aCR _c07.10.2008 _kТеодора_Стоянова |
||
| 944 |
_aED _c07.10.2008 _k |
||
| 999 |
_c215675 _d215675 |
||